Better buildings (Record no. 74402)
[ view plain ]
| 000 -LEADER | |
|---|---|
| fixed length control field | 01104cab a2200217 4500 |
| 001 - CONTROL NUMBER | |
| control field | WB4019-02 |
| 008 - FIXED-LENGTH DATA ELEMENTS--GENERAL INFORMATION | |
| fixed length control field | 040518n2004 000 0 eng u |
| 035 ## - SYSTEM CONTROL NUMBER | |
| System control number | (Sirsi) u126218 |
| 245 ## - TITLE STATEMENT | |
| Title | Better buildings |
| 260 ## - PUBLICATION, DISTRIBUTION, ETC. | |
| Date of publication, distribution, etc. | 2004 |
| 490 ## - SERIES STATEMENT | |
| Series statement | ODPM News Release |
| Volume/sequential designation | (127) 18 May 2004 (3) |
| 520 ## - SUMMARY, ETC. | |
| Summary, etc. | Sustainable Buildings Task Group's report, 'Better buildings - better lives' suggests a new Code for Sustainable Building (CSB). This sets out best practice standards on energy efficiency, flood resilience, water consumption, greenhouse gas emissions and waste production. The main government departments have agreed to start work immediately on the main principles of the CSB. For the ODPM news release: http://www.odpm.gov.uk/pns/DisplayPN.cgi?pn_id=200 4_0127 For the report: http://www.constprod.org.uk/download/specrep/sbtg. pdf |
| 590 ## - LOCAL NOTE (RLIN) | |
| Local note | WB |
| 650 ## - SUBJECT ADDED ENTRY--TOPICAL TERM | |
| Topical term or geographic name entry element | CODE FOR SUSTAINABLE BUILDINGS |
| 650 ## - SUBJECT ADDED ENTRY--TOPICAL TERM | |
| Topical term or geographic name entry element | SUSTAINABLE BUILDINGS TASK GROUP |
| 650 ## - SUBJECT ADDED ENTRY--TOPICAL TERM | |
| Topical term or geographic name entry element | ENERGY EFFICIENCY |
| 650 ## - SUBJECT ADDED ENTRY--TOPICAL TERM | |
| Topical term or geographic name entry element | FLOOD RESILIENCE |
| 650 ## - SUBJECT ADDED ENTRY--TOPICAL TERM | |
| Topical term or geographic name entry element | GREENHOUSE GAS EMISSIONS |
| 690 ## - LOCAL SUBJECT ADDED ENTRY--TOPICAL TERM (OCLC, RLIN) | |
| Topical term or geographic name as entry element | DEVELOPMENT-SUSTAINABLE |
| 942 ## - ADDED ENTRY ELEMENTS (KOHA) | |
| Suppress in OPAC | 0 |
| Withdrawn status | Lost status | Source of classification or shelving scheme | Damaged status | Not for loan | Home library | Current library | Shelving location | Date acquired | Total Checkouts | Full call number | Barcode | Date last seen | Copy number | Price effective from | Koha item type |
|---|---|---|---|---|---|---|---|---|---|---|---|---|---|---|---|
| Dewey Decimal Classification | London | London | News article | 18/05/2004 | WB4019-02 | 126218-1001 | 06/08/2019 | 1 | 06/08/2019 | News article |